000 nam a22 7a 4500
999 _c24002
_d24002
008 170127b xxu||||| |||| 00| 0 eng d
050 _aND237
_b.A85N4 1966
100 _aAvery,Milton
245 _aMilton Avery /
_cMilton Avery
260 _a[London] :
_b[ Gallery],
_c[1966]
300 _avarious paging . :
_bill. ;
_c23cm.
942 _2lcc
_cBOOKS
_hND237 .A85N4 1966